000 00618nam a2200217Ii 4500
003 JO-AjNU
008 230606s9999||||xx |||||||||||||| ||und||
020 _a93-82226-65-9
040 _aJO-AjNU
_beng
_erda
_cJO-AjNU
041 _aeng
050 1 4 _aTC405 2013
100 3 _aHarris, Aaron,
_eauthor
_94835
245 0 0 _aEnergy, irrigation and water supply
250 _a3 ed
264 3 1 _aNew Delhi:random exports, 2013
300 _a304p
336 _atext
_btxt
_2rdacontent
337 _aunmediated
_bn
_2rdamedia
338 _avolume
_bnc
_2rdacarrier
650 4 _aEnergy, irrigation and water supply
_94836
999 _aE2503
_c2501
_d2501